000
00464nam a2200169Ia 4500
008
090711s9999 xx 000 0 und d
082
_b
52645
100
_a
अदवंत म. ना.
245
_a
कथा-कौमुदी
260
_c
1970
300
_a
203
600
_a
अदवंत म. ना.
630
_a
कथा-कौमुदी
700
_a
अदवंत म. ना.
730
_a
कथा-कौमुदी
942
_c
BOOK
999
_c
309860
_d
309860